| 000 | 00596nam a2200217Ia 4500 | ||
|---|---|---|---|
| 005 | 20260429112253.0 | ||
| 008 | 260429s9999||||xx |||||||||||||| ||und|| | ||
| 020 | _a9781032697062 | ||
| 041 | _aEnglish | ||
| 082 |
_a613.20247 _bCRA |
||
| 100 | _aCraig, Ian | ||
| 245 | 0 |
_aIntegrative sport and exercise nutrition : _ba health-feeds-performance perspective / _cIan Craig |
|
| 250 | _a1st ed. | ||
| 260 |
_aNew York : _bRoutledge, _c2026. |
||
| 300 | _axxvii, 483 p.; pbk | ||
| 650 | _a Exercise | ||
| 650 | _a Sport | ||
| 650 | _aNutrition | ||
| 700 | _a Roberts, Justin | ||
| 942 | _cTB | ||
| 999 |
_c53236 _d53236 |
||